| 000 | 00805cam a22002653a 4500 | ||
|---|---|---|---|
| 001 | 11031 | ||
| 003 | PGUSA | ||
| 005 | 20140828083232.0 | ||
| 008 | 040201s2004||||xxu|||||s|||||000 | eng d | ||
| 040 |
_aPGUSA _beng |
||
| 042 | _adc | ||
| 050 | 4 | _aPR | |
| 100 | 1 |
_aStephen, Leslie, _d1832-1904 |
|
| 245 | 1 | 0 |
_aSamuel Johnson _h[electronic resource] / _cLeslie Stephen |
| 260 |
_bProject Gutenberg, _c2004 |
||
| 506 | _aPublic domain in the USA. | ||
| 516 | _aElectronic text | ||
| 653 | _aAuthors, English -- 18th century -- Biography | ||
| 653 | _aLexicographers -- Great Britain -- Biography | ||
| 653 | _aCritics -- Great Britain -- Biography | ||
| 653 | _aJohnson, Samuel, 1709-1784 | ||
| 830 | 0 |
_aProject Gutenberg _v11031 |
|
| 856 | 4 | 0 | _uhttp://www.gutenberg.org/ebooks/11031 |
| 942 | _cEB | ||
| 999 |
_c240286 _d240286 |
||